000 01368cam a22002891i 4500
003 SA-RiAUC
005 20241208150714.0
008 241203s1990 le g 00000bara c
040 _aSA-RiAUC
_bara
_cSA-RiAUC
_erda
082 0 4 _a922.584
090 _a922.584
_b ا ب و م
100 1 _aأبو المواهب، محمد بن عبد الباقي بن عبد القادر،
_d1044-1126 هجري
_eمؤلف.
245 1 0 _aمشيخة أبي المواهب الحنبلي /
_cمحمد بن عبد الباقي الحنبلي البعلي الدمشقي ؛ تحقيق محمد مطيع الحافظ.
264 1 _aبيروت :
_bدار الفكر المعاصر،
_c1990
300 _a163 صفحة ؛
_c24 سم.
336 _aنص
_btxt
_2rdacontent
_3كتاب
337 _aبدون وسيط
_bn
_2rdamedia
338 _aمجلد
_bnc
_2rdacarrier
490 0 _aمطبوعات مركز جمعة الماجد للثقافة والتراث
600 1 7 _aأبو المواهب، محمد بن عبد الباقي بن عبد القادر،
_d1044-1126 هجري
_2aucnm
650 7 _aالفقهاء الحنابلة
_vتراجم
_2aucsh
650 7 _aالمسلمون
_vتراجم
_2aucsh
700 1 _aالحافظ، محمد مطيع،
_d1940-
_eمحقق.
942 _2ddc
_cBOOK
_n0
949 _aSA-JeALM
_d241203
_umohamedma123
_n1
999 _c3135
_d3135